| 000 | 00732nam a2200229Ia 4500 | ||
|---|---|---|---|
| 003 | OSt | ||
| 005 | 20240502141316.0 | ||
| 008 | 210210b1945 xxu||||| |||| 00| 0 eng d | ||
| 040 | _cAL | ||
| 041 | _aKannada | ||
| 082 | _a858/38 | ||
| 100 |
_aKRASHNASVAMI RAV _dಕೃಷ್ಣಸ್ವಾಮಿ ರಾವ್ _9162861 |
||
| 245 |
_aAivaru prasiddharada bauta vaijnanikaru _bಐವರು ಪ್ರಸಿದ್ಧರಾದ ಭೌತ ವೈಜ್ಞಾನಿಕರು |
||
| 260 |
_aMaisuru _bMaisuru Vishvavidyanilaya _c1945 |
||
| 650 |
_avaijnAnikaru _9162862 |
||
| 650 |
_aprasiddharAda _9162863 |
||
| 650 |
_abauta _9162864 |
||
| 650 |
_aAivaru _9162865 |
||
| 690 |
_aBiography _9162866 |
||
| 906 | _a020582 | ||
| 942 |
_2ddc _cBK |
||
| 999 |
_c144733 _d144733 |
||